000 00540nam a2200169 a 4500
001 000045374
005 20201002050116.0
008 150305s2014 dr 000 0 spa d
020 _a9789945166507
040 _aDO-SdBNP
_bspa
_cBNPHU
100 1 _aAcosta, Pedro
_9463
245 1 0 _aPsicología para la vida :
_buna manera sencilla de vivir en paz /
_cPedro Acosta; prólogo Héctor Rodríguez.
250 _a3a. ed.
260 _aSanto Domingo :
_bBúho,
_c2014.
300 _a78 p. ;
_c22 cm.
700 1 _aRodríguez, Héctor
_eprol.
_912028
999 _c44863
_d44863